V. I. Lenin v literatúre 1945-1975 : bibliografia k 105. výročiu narodenia /
Uložené v:
| Ďalší autori: | |
|---|---|
| Médium: | Kniha |
| Jazyk: | Slovak |
| Vydané: |
Prešov :
Okresná knižnica,
1975.
|
| Vydanie: | 1. vyd. |
| ISBN: |
(brož.) |
| Fyzický popis: |
Nestr. |
| Tagy: |
Pridať tag
Žiadne tagy, Buďte prvý kto otaguje tento záznam!
|
Titul je dostupný aj v ... 

MARC
| LEADER | 00000nam a2200000 a 4500 | ||
|---|---|---|---|
| 001 | 000170310 | ||
| 005 | 20101017121834.0 | ||
| 008 | 040101s1975 xo e slo d | ||
| FMT | |||
| 020 | |a (brož.) | ||
| 040 | |a SVKKK |b slo |c SVKKK |e AACR2 | ||
| 041 | 0 | |a slo | |
| 044 | |a xo |c Sk | ||
| 245 | 1 | 0 | |a V. I. Lenin v literatúre 1945-1975 : |b bibliografia k 105. výročiu narodenia / |c sprac. Dagmar Hviščová. |
| 250 | |a 1. vyd. | ||
| 260 | |a Prešov : |b Okresná knižnica, |c 1975. | ||
| 300 | |a Nestr. | ||
| 700 | |a Hviščová, Dagmar |4 edt | ||
| 910 | |a svkkk | ||
| 998 | |a BK | ||
| OWN | |||
| Z30 | 1 | |l SCK01 |l SCK01 |m BOOK |1 SCKHL |2 SK16 |b Sklad Pribinova 3. posch. |3 V.92244 |6 523834 |q 19751017 |5 2721199358 |8 20060125 |e 0000 |f 20 |s Povinný výt. |h SCKRT |z 1.00 |t 00000000 |u 0000 |w 000170310 |x 000010 | |
| a02 | 0 | |a (brož.) | |
| 090 | |g SCKHL |k Sklad Pribinova 3. posch. |a V.92244 |j 523834 |i 2721199358 |s Povinný výt. | ||